Pax computer : High-speed parallel processing and scientific computing /

Saved in:
Bibliographic Details
Main Author: Hoshino, Tsutomu (Author)
Format: Book
Language:English
Published: Reading : Addison-Wesley Publishing Company, 1989
Edition:1.vyd.
Subjects:
Tags: Add Tag
No Tags, Be the first to tag this record!

MARC

LEADER 00000nam a22000003a 4500
001 stu5029
005 20150617225811.8
008 931220s1989----xxu-----------------eng-d
020 |a 0-201-18492-3 
040 |a STU  |b slo 
041 0 |a eng 
044 |a xxu 
080 |a 681.32.013 
080 |a 519.687 
080 |a 681.322.06 
100 1 |a Hoshino, Tsutomu  |4 aut 
245 1 |a Pax computer :  |b High-speed parallel processing and scientific computing /  |c [aut.] Hoshino,Tsutomu 
250 |a 1.vyd. 
260 |a Reading :  |b Addison-Wesley Publishing Company,  |c 1989 
300 |a 245 s 
650 7 |a paralelné spracovanie  |2 stusub 
650 7 |a počítačové systémy PAX  |2 stusub 
650 7 |a hardware  |2 estusub 
650 7 |a software  |2 estusub 
996 |b 284EK07683  |c E*78546  |l EE01  |s A  |a 24  |w stu5029_0001